| 000 | 00927nam a22003017a 4500 | ||
|---|---|---|---|
| 003 | CHAP | ||
| 005 | 20220329143844.0 | ||
| 008 | 120227s2012 us r 00110 eng d | ||
| 010 | _a102845 | ||
| 011 | _a103817 | ||
| 020 | _a0131395386 | ||
| 035 | _a114506 | ||
| 040 | _cCHAP | ||
| 082 | 0 | 4 |
_a330.015195 _bG82 2012 |
| 100 | 1 |
_aGreene, William H. _950580 |
|
| 245 | 1 | 0 |
_aEconometric analysis _c/por William H. Greene |
| 250 | _a7 ed. | ||
| 260 |
_aLake Street, EUA. : _bPearson, _c2012 |
||
| 300 |
_axxxix, 1188 p. : _bilus. |
||
| 590 |
_aBATCH-UPD _b10 _c20130110 _lUCH01 _h2104 |
||
| 590 |
_aBATCH-UPD _b10 _c20130410 _lUCH01 _h1043 |
||
| 590 |
_aBATCH-UPD _b10 _c20130914 _lUCH01 _h1257 |
||
| 590 |
_aCONVERSION _b10 _c20130109 _lUCH01 _h1357 |
||
| 650 | 0 | 4 |
_aEconometrÃa. _935201 |
| 901 | _aBK | ||
| 942 | _cLIBRO | ||
| 949 |
_a330.015195 G82 2012 _bBC _cLIBRO _d33724002320918 _eLIBRO _gI.259832 _h116322 _i114506 _sb _t2,520.00 |
||
| 999 |
_c102845 _d102845 |
||